[Event "2. Bundesliga West 2010/11"]
[Site "Jenbach"]
[Date "2010.10.15"]
[Round "1"]
[Board "1"]
[White "Bertagnolli, Alexander"]
[Black "Dizdar, Goran"]
[Result "1/2-1/2"]
[WhiteElo "2395"]
[BlackElo "2555"]
[PlyCount "92"]
[EventDate "2010.10.15"]
[EventType "team"]
[EventRounds "11"]
[EventCountry "AUT"]
[WhiteTeam "Rochade Rum"]
[BlackTeam "SC Absam"]

1.e4 e6 2.d4 d5 3.Nd2 c5 4.Ngf3 cxd4 5.exd5 Qxd5 6.Bc4 Qd6 7.O-O Nc6 8.Nb3 Nf6
9.Nbxd4 Nxd4 10.Qxd4 Qxd4 11.Nxd4 Bd7 12.Rd1 Rc8 13.b3 Bc5 14.Bb2 Ke7 15.Rac1
Rhd8 16.Be2 Be8 17.Bf3 b5 18.c4 b4 19.Rd3 Rd6 20.Rcd1 Rcd8 21.Kf1 g6 22.Be2 h5
23.Nc2 Rxd3 24.Rxd3 Rc8 25.Bf3 a5 26.Bc1 Ng4 27.Bxg4 hxg4 28.h3 Bc6 29.hxg4 Be4
30.Rd2 Rd8 31.Ke2 Rxd2+ 32.Kxd2 Bxf2 33.a3 Bc5 34.axb4 axb4 35.Ne1 Kd6 36.Ke2
Bb1 37.Nd3 Bc2 38.Bf4+ Kc6 39.Nxc5 Kxc5 40.Be3+ Kc6 41.Bd2 Kc5 42.Be3+ Kc6
43.Bd2 Bxb3 44.Bxb4 Bxc4+ 45.Ke3 Kd5 46.g5 Ke5 1/2-1/2

[Event "2. Bundesliga West 2010/11"]
[Site "Jenbach"]
[Date "2010.10.15"]
[Round "1"]
[Board "2"]
[White "Pilz, Dieter"]
[Black "Gatterer, Florian"]
[Result "1/2-1/2"]
[WhiteElo "2323"]
[BlackElo "2306"]
[PlyCount "108"]
[EventDate "2010.10.15"]
[EventType "team"]
[EventRounds "11"]
[EventCountry "AUT"]
[WhiteTeam "SC Absam"]
[BlackTeam "Rochade Rum"]

1.e4 c6 2.Nf3 d5 3.Nc3 Bg4 4.h3 Bxf3 5.Qxf3 Nf6 6.d3 e6 7.a3 Nbd7 8.g3 Bc5 9.Bg2
O-O 10.O-O Re8 11.Qe2 dxe4 12.Nxe4 Nxe4 13.Bxe4 a5 14.c3 e5 15.Rb1 a4 16.b4 axb3
17.Rxb3 Qc7 18.Kh2 g6 19.Bg2 Re6 20.Qb2 Ra7 21.d4 Bf8 22.Be3 c5 23.Rb1 b6 24.Bd5
Rd6 25.dxc5 Nxc5 26.Bxc5 Qxc5 27.c4 Rf6 28.Kg2 Kg7 29.Rxb6 Qxb6 30.Qxb6 Rxb6
31.Rxb6 Bxa3 32.Rb5 Rc7 33.Kf3 Bc5 34.Ke2 Bd4 35.f3 Bc5 36.g4 h6 37.Kd3 f5
38.Ra5 Kf6 39.h4 Kg7 40.Ra6 Ra7 41.Rc6 Ra3+ 42.Kc2 Bd4 43.h5 Ra2+ 44.Kb3 Rb2+
45.Ka3 Rb6 46.Rc7+ Kf6 47.Rf7+ Kg5 48.hxg6 Kxg6 49.Rxf5 Rf6 50.Rh5 Rb6 51.Ka4
Rf6 52.Ka5 Kg7 53.Rh1 Rb6 54.Rd1 Rb2 {ab hier unlesbar; remis nach 103 Zügen} 1/2-1/2

[Event "2. Bundesliga West 2010/11"]
[Site "Jenbach"]
[Date "2010.10.15"]
[Round "1"]
[Board "3"]
[White "Eybl, Alexander"]
[Black "De, Francesco Klaus"]
[Result "0-1"]
[WhiteElo "2278"]
[BlackElo "2290"]
[PlyCount "67"]
[EventDate "2010.10.15"]
[EventType "team"]
[EventRounds "11"]
[EventCountry "AUT"]
[WhiteTeam "Rochade Rum"]
[BlackTeam "SC Absam"]

1.d4 e6 2.c4 b6 3.Nc3 Bb7 4.a3 g6 5.e4 Bg7 6.Nf3 Ne7 7.h4 h6 8.Bd3 d6 9.Qc2 Nd7
10.b3 a6 11.Bb2 c5 12.d5 e5 13.h5 Nf6 14.hxg6 fxg6 15.Ne2 Bc8 16.Nxe5 dxe5
17.Bxe5 O-O 18.Qb2 Qe8 19.O-O-O Qf7 20.f3 Ne8 21.Bxg7 Qxg7 22.e5 Nf5 23.Bxf5
Bxf5 24.g4 Bc8 25.Rd3 Ra7 26.Ng3 Raf7 27.Qe2 Rf4 28.Kb1 b5 29.cxb5 axb5 30.Re3
Bb7 31.Rd1 Nc7 32.e6 Bxd5 33.e7 Re8 34.Re5 0-1

[Event "2. Bundesliga West 2010/11"]
[Site "Jenbach"]
[Date "2010.10.15"]
[Round "1"]
[Board "4"]
[White "Duer, Werner"]
[Black "Hengl, Christian"]
[Result "0-1"]
[WhiteElo "2262"]
[BlackElo "2193"]
[PlyCount "86"]
[EventDate "2010.10.15"]
[EventType "team"]
[EventRounds "11"]
[EventCountry "AUT"]
[WhiteTeam "SC Absam"]
[BlackTeam "Rochade Rum"]

1.d4 d5 2.c4 c6 3.Nf3 Nf6 4.e3 a6 5.Nbd2 Bf5 6.Be2 Nbd7 7.O-O e6 8.Nh4 Bg6
9.cxd5 cxd5 10.Nxg6 hxg6 11.Qb3 Bd6 12.g3 Qb6 13.Bd3 Ng4 14.Qxb6 Nxb6 15.Nf3 f5
16.Bd2 Ke7 17.Rfc1 Nd7 18.Bf1 Ngf6 19.Rc2 Ne4 20.Be1 g5 21.h3 Rh6 22.Nd2 Rah8
23.Bg2 Ndf6 24.Nf1 g4 25.hxg4 fxg4 26.Rac1 Ng5 27.Nd2 Nfe4 28.Nxe4 dxe4 29.a3
Kd7 30.Bb4 Bb8 31.Ba5 Rh2 32.Kf1 Nf3 33.Rc7+ Bxc7 34.Rxc7+ Kd6 35.Rxb7 Rc8
36.Bc3 Rc7 37.Rb6+ Kd5 38.Rxa6 Kc4 39.Rxe6 Kd3 40.Rg6 Rh5 41.d5 Rxd5 42.a4 Kc2
43.Rxg4 Rd1+ 0-1

[Event "2. Bundesliga West 2010/11"]
[Site "Jenbach"]
[Date "2010.10.15"]
[Round "1"]
[Board "5"]
[White "Jedinger, Andreas"]
[Black "Natter, Siegfried"]
[Result "1-0"]
[WhiteElo "2177"]
[BlackElo "2245"]
[PlyCount "83"]
[EventDate "2010.10.15"]
[EventType "team"]
[EventRounds "11"]
[EventCountry "AUT"]
[WhiteTeam "Rochade Rum"]
[BlackTeam "SC Absam"]

1.e4 c5 2.Nf3 e6 3.d4 cxd4 4.Nxd4 a6 5.Nc3 g6 6.Be3 Bg7 7.Qd2 d6 8.O-O-O Nf6
9.f3 d5 10.Nb3 Nc6 11.exd5 Nxd5 12.Nxd5 Qxd5 13.Qxd5 exd5 14.Rxd5 Nb4 15.Rd1 Be6
16.Bc5 Nxc2 17.Kxc2 Rc8 18.Re1 Kd7 19.Rxe6 fxe6 20.Kb1 Rc6 21.Bd3 Rhc8 22.Be3
Ke8 23.Be4 R6c7 24.Rd1 b5 25.Rd6 Ke7 26.Rxa6 Rd8 27.a3 Rd1+ 28.Ka2 Re1 29.Bd4
Bxd4 30.Nxd4 Rd7 31.Rxe6+ Kf7 32.Bxg6+ hxg6 33.Rxe1 Rxd4 34.Re2 Kf6 35.Kb3 Rh4
36.g3 Rd4 37.Kc3 Rc4+ 38.Kd3 Rc5 39.Re4 Rh5 40.h4 Rc5 41.f4 Rc1 42.Rb4 1-0

[Event "2. Bundesliga West 2010/11"]
[Site "Jenbach"]
[Date "2010.10.15"]
[Round "1"]
[Board "6"]
[White "Gerhold, Michael"]
[Black "Muehlbacher, Bernhard"]
[Result "1-0"]
[WhiteElo "2237"]
[BlackElo "2103"]
[PlyCount "93"]
[EventDate "2010.10.15"]
[EventType "team"]
[EventRounds "11"]
[EventCountry "AUT"]
[WhiteTeam "SC Absam"]
[BlackTeam "Rochade Rum"]

1.c4 c5 2.Nf3 g6 3.e4 Bg7 4.d4 cxd4 5.Nxd4 Nc6 6.Be3 Nf6 7.Nc3 O-O 8.Be2 b6
9.O-O Bb7 10.f3 e6 11.Ndb5 d5 12.cxd5 exd5 13.exd5 Nb4 14.d6 Nbd5 15.Bg5 Qd7
16.Qd2 a6 17.Bxf6 Nxf6 18.Nc7 Rad8 19.Rfd1 b5 20.a4 b4 21.Na2 a5 22.Bb5 Qf5
23.Nc1 Nh5 24.Nb3 Be5 25.Bd3 Qf6 26.Nb5 Rxd6 27.Nxd6 Qxd6 28.g4 Nf4 29.Be4 Qb6+
30.Kh1 Ba6 31.Rac1 Ne2 32.Rc5 Bf4 33.Qe1 Qf6 34.Rxa5 Bc4 35.Nd2 Ba6 36.Nf1 Qb6
37.Ng3 Bxg3 38.Rxa6 Qxa6 39.hxg3 Re8 40.Rd2 f5 41.Bd3 Qc6 42.Bxe2 fxg4 43.Qf2
Rf8 44.Qd4 Rc8 45.b3 Qc1+ 46.Kh2 Rc2 47.Bc4+ 1-0

[Event "2. Bundesliga West 2010/11"]
[Site "Jenbach"]
[Date "2010.10.15"]
[Round "1"]
[Board "1"]
[White "Bayer, Bernhard"]
[Black "Deglmann, Ludwig"]
[Result "1-0"]
[WhiteElo "2393"]
[BlackElo "2402"]
[PlyCount "89"]
[EventDate "2010.10.15"]
[EventType "team"]
[EventRounds "11"]
[EventCountry "AUT"]
[WhiteTeam "Schwaz"]
[BlackTeam "Sparkasse Jenbach 2"]

1.e4 c5 2.Nf3 Nc6 3.Bb5 g6 4.O-O Bg7 5.c3 Nf6 6.Re1 O-O 7.h3 Qb6 8.Na3 d5 9.e5
Ne8 10.d4 cxd4 11.cxd4 Nc7 12.Bxc6 bxc6 13.Re3 a5 14.Rb3 Qa7 15.Rc3 Bd7 16.Nc2
Ne6 17.Be3 Rab8 18.Rb1 Rb5 19.Qd2 Rfb8 20.b3 R5b7 21.Rc1 f6 22.Bh6 Bh8 23.Re1
Re8 24.exf6 exf6 25.Rce3 Qa6 26.h4 Rbb8 27.h5 Kf7 28.hxg6+ hxg6 29.Nh4 a4 30.Qd1
Ng7 31.Bxg7 Bxg7 32.Nxg6 Kxg6 33.Rg3+ Kf7 34.Qh5+ Kf8 35.Qh7 Rxe1+ 36.Nxe1 Bg4
37.Rxg4 Rb7 38.Nd3 axb3 39.axb3 Qa1+ 40.Kh2 Qb1 41.Qf5 Re7 42.Rg3 Qc2 43.Qc8+
Kf7 44.Rf3 Bh6 45.Qf5 1-0

[Event "2. Bundesliga West 2010/11"]
[Site "Jenbach"]
[Date "2010.10.15"]
[Round "1"]
[Board "2"]
[White "Reich, Thomas"]
[Black "Wohl, Alexander"]
[Result "1-0"]
[WhiteElo "2350"]
[BlackElo "2387"]
[PlyCount "95"]
[EventDate "2010.10.15"]
[EventType "team"]
[EventRounds "11"]
[EventCountry "AUT"]
[WhiteTeam "Sparkasse Jenbach 2"]
[BlackTeam "Schwaz"]

1.d4 Nf6 2.Nf3 g6 3.Bf4 Bg7 4.e3 d6 5.Be2 O-O 6.O-O Nbd7 7.h3 e6 8.c4 b6 9.Nc3
Bb7 10.Qc2 Qe7 11.Rad1 Rfd8 12.e4 e5 13.dxe5 dxe5 14.Bg5 c6 15.Rd2 Nf8 16.Rfd1
Ne6 17.Be3 Nd7 18.a3 Ndf8 19.b4 h6 20.Bf1 Ng5 21.Nxg5 hxg5 22.c5 Ne6 23.Bc4 Nd4
24.Bxd4 Rxd4 25.Na2 Rxd2 26.Qxd2 bxc5 27.Qd7 Re8 28.Qxe7 Rxe7 29.Rd8+ Bf8
30.bxc5 Kg7 31.Nc1 Rc7 32.Nb3 Be7 33.Rb8 Bc8 34.g4 Kf6 35.Kf1 Bd8 36.Ke2 Be7
37.a4 Bd8 38.a5 Be7 39.a6 Bd8 40.Na5 Be7 41.Nb7 Be6 42.Bxe6 Kxe6 43.Ra8 Kf6
44.f3 Ke6 45.Kd3 Rd7+ 46.Kc3 Rd1 47.Rxa7 Rc1+ 48.Kb2 1-0

[Event "2. Bundesliga West 2010/11"]
[Site "Jenbach"]
[Date "2010.10.15"]
[Round "1"]
[Board "3"]
[White "Fuchs, Georg"]
[Black "Micheli, Carlo"]
[Result "0-1"]
[WhiteElo "2292"]
[BlackElo "2263"]
[PlyCount "52"]
[EventDate "2010.10.15"]
[EventType "team"]
[EventRounds "11"]
[EventCountry "AUT"]
[WhiteTeam "Schwaz"]
[BlackTeam "Sparkasse Jenbach 2"]

1.e4 c5 2.Nf3 e6 3.Nc3 a6 4.d4 cxd4 5.Nxd4 Qc7 6.Be2 Nf6 7.O-O Be7 8.f4 d6 9.Kh1
Nbd7 10.Bf3 g6 11.f5 Ne5 12.fxe6 fxe6 13.Bh6 Bd7 14.Nce2 Nxf3 15.Rxf3 Ng4 16.Qd2
d5 17.e5 Nxh6 18.Qxh6 Qxe5 19.Re3 Qg5 20.Qh3 e5 21.Qg3 Qxg3 22.hxg3 exd4 23.Nxd4
Kd8 24.c4 Bc5 25.Rd1 Bxd4 26.Rxd4 dxc4 0-1

[Event "2. Bundesliga West 2010/11"]
[Site "Jenbach"]
[Date "2010.10.15"]
[Round "1"]
[Board "5"]
[White "Kondrak, Christof"]
[Black "Meier, Alexander"]
[Result "1-0"]
[WhiteElo "2147"]
[BlackElo "2154"]
[PlyCount "145"]
[EventDate "2010.10.15"]
[EventType "team"]
[EventRounds "11"]
[EventCountry "AUT"]
[WhiteTeam "Schwaz"]
[BlackTeam "Sparkasse Jenbach 2"]

1.d4 d6 2.Bf4 g6 3.e3 Bg7 4.Nf3 a6 5.Be2 Nd7 6.h3 c5 7.c3 Ngf6 8.O-O O-O 9.Bh2
b5 10.a4 Rb8 11.axb5 axb5 12.dxc5 Nxc5 13.Nd4 Bd7 14.b4 Nce4 15.Ra5 Qc7 16.Qb3
Rfc8 17.Rc1 Qb6 18.Bxb5 e5 19.Bxd7 Nxd7 20.Rb5 Qc7 21.Rxb8 Qxb8 22.Ne2 Bh6
23.Qd5 Ndf6 24.Qd3 Ng5 25.Rd1 Bf8 26.Nd2 Ne6 27.f4 exf4 28.Nxf4 Re8 29.Nc4 Qa7
30.Kh1 Nxf4 31.exf4 Qa2 32.Bg1 Ne4 33.Rf1 d5 34.Ne5 f6 35.Nd7 Be7 36.Rd1 Rd8
37.Nb6 h5 38.Kh2 Kg7 39.Nxd5 Nxc3 40.Qxc3 Rxd5 41.Ra1 Qd2 42.Qxd2 Rxd2 43.Ra7
Kf8 44.Bc5 Bxc5 45.bxc5 Rc2 46.Rc7 h4 47.Rh7 g5 48.fxg5 fxg5 49.Rc7 Rc1 50.c6
Kg8 51.Rc8+ Kg7 52.g4 Rc2+ 53.Kg1 Kf7 54.c7 Ke7 55.Rg8 Rxc7 56.Rxg5 Rc1+ 57.Kf2
Rc2+ 58.Kf1 Rc3 59.Re5+ Kd6 60.Re2 Rxh3 61.Rg2 Ke5 62.Kf2 Ra3 63.Kg1 Kf4 64.g5
h3 65.Re2 Kf3 66.Re1 Ra2 67.Kh1 h2 68.g6 Ra6 69.g7 Rg6 70.Rf1+ Kg3 71.Rf7 Kh3
72.Rf3+ Kg4 73.Rf2 1-0

[Event "2. Bundesliga West 2010/11"]
[Site "Jenbach"]
[Date "2010.10.15"]
[Round "1"]
[Board "6"]
[White "Heinrich, Thomas"]
[Black "Streiter, Gerhard"]
[Result "1/2-1/2"]
[WhiteElo "2137"]
[BlackElo "2004"]
[PlyCount "61"]
[EventDate "2010.10.15"]
[EventType "team"]
[EventRounds "11"]
[EventCountry "AUT"]
[WhiteTeam "Sparkasse Jenbach 2"]
[BlackTeam "Schwaz"]

1.e4 c5 2.Nf3 d6 3.c3 Nf6 4.Bb5+ Bd7 5.Qe2 Bxb5 6.Qxb5+ Qd7 7.Qe2 e6 8.d4 cxd4
9.Nxd4 Nc6 10.O-O Be7 11.Bg5 h6 12.Bh4 O-O 13.Nd2 Nxd4 14.cxd4 Rac8 15.Rac1 Rxc1
16.Rxc1 Rc8 17.Rc3 Rxc3 18.bxc3 d5 19.e5 Ne4 20.Bxe7 Nxd2 21.Qxd2 Qxe7 22.Qb2
Qc7 23.g3 b6 24.Qb4 a5 25.Qb5 Kf8 26.Kg2 Ke7 27.f4 Qxc3 28.Qxb6 Qc2+ 29.Kh3 Qxa2
30.Qc7+ Ke8 31.Qc8+ 1/2-1/2

[Event "2. Bundesliga West 2010/11"]
[Site "Hohenems"]
[Date "2010.10.15"]
[Round "1"]
[Board "1"]
[White "Hommeles, Theo"]
[Black "Eisenbeiser, Amadeus"]
[Result "1-0"]
[WhiteElo "2426"]
[BlackElo "2397"]
[PlyCount "39"]
[EventDate "2010.10.15"]
[EventType "team"]
[EventRounds "11"]
[EventCountry "AUT"]
[WhiteTeam "Bregenz"]
[BlackTeam "Goetzis"]

1.e4 d6 2.d4 Nf6 3.Nc3 e5 4.dxe5 dxe5 5.Qxd8+ Kxd8 6.f4 Nbd7 7.Nf3 Bd6 8.fxe5
Nxe5 9.Bg5 c6 10.O-O-O Kc7 11.Be2 Nfd7 12.Rxd6 Kxd6 13.Rd1+ Kc7 14.Be7 Nxf3
15.Bd6+ Kb6 16.Na4+ Ka5 17.gxf3 b5 18.Bc7+ Nb6 19.Nc5 b4 20.a3 1-0

[Event "2. Bundesliga West 2010/11"]
[Site "Hohenems"]
[Date "2010.10.15"]
[Round "1"]
[Board "2"]
[White "Schloetzer, Waldemar"]
[Black "Dobosz, Henryk"]
[Result "1/2-1/2"]
[WhiteElo "2282"]
[BlackElo "2407"]
[PlyCount "60"]
[EventDate "2010.10.15"]
[EventType "team"]
[EventRounds "11"]
[EventCountry "AUT"]
[WhiteTeam "Goetzis"]
[BlackTeam "Bregenz"]

1.d4 d5 2.c4 c6 3.Nf3 Nf6 4.e3 e6 5.Nbd2 c5 6.cxd5 exd5 7.dxc5 Bxc5 8.Bd3 Nc6
9.O-O O-O 10.a3 a5 11.Qc2 Bb6 12.e4 dxe4 13.Nxe4 h6 14.Bd2 Bg4 15.Bc3 Nd5 16.Ne5
Nxc3 17.Nxc6 bxc6 18.Nxc3 Bd4 19.Be2 Bxc3 20.Bxg4 Bd4 21.Qxc6 Bxb2 22.Rad1 Qf6
23.Qxf6 Bxf6 24.Rd5 Rfd8 25.Rfd1 a4 26.Rxd8+ Rxd8 27.Rxd8+ Bxd8 28.Bd1 Be7
29.Bxa4 Bxa3 30.Kf1 Kf8 1/2-1/2

[Event "2. Bundesliga West 2010/11"]
[Site "Hohenems"]
[Date "2010.10.15"]
[Round "1"]
[Board "3"]
[White "Poettinger, Harald"]
[Black "Schmidlechner, Alexander"]
[Result "1/2-1/2"]
[WhiteElo "2202"]
[BlackElo "2170"]
[PlyCount "102"]
[EventDate "2010.10.15"]
[EventType "team"]
[EventRounds "11"]
[EventCountry "AUT"]
[WhiteTeam "Bregenz"]
[BlackTeam "Goetzis"]

1.c4 f5 2.g3 Nf6 3.Bg2 g6 4.Nc3 Bg7 5.d3 d6 6.e4 c5 7.Nge2 Nc6 8.O-O O-O 9.h3
fxe4 10.dxe4 e5 11.Nd5 Nxd5 12.Qxd5+ Kh8 13.Qd3 Be6 14.Nc3 Qd7 15.Kh2 Nd4 16.Bd2
Rf7 17.f4 Raf8 18.Rf2 exf4 19.Rxf4 Be5 20.Rxf7 Rxf7 21.Rf1 Rxf1 22.Qxf1 Qf7
23.Qxf7 Bxf7 24.b3 Kg7 25.Nd5 Bxd5 26.exd5 Ne2 27.Be1 Nc1 28.Bd2 Ne2 29.Be1 Nc1
30.Bd2 Nxa2 31.Be4 Nb4 32.Bxb4 cxb4 33.Kg2 Kf6 34.Kf3 a5 35.h4 Bc3 36.g4 Ke5
37.Ke3 Bd4+ 38.Kd3 a4 39.bxa4 b3 40.Bf3 b2 41.Kc2 Kf4 42.Bd1 h6 43.Kb1 b6 44.Ka2
Kg3 45.h5 g5 46.Kb1 Kf4 47.Ka2 Ke3 48.Bc2 Kd2 49.Kb1 Kc3 50.Bf5 Kxc4 51.Be6 Kc5 1/2-1/2

[Event "2. Bundesliga West 2010/11"]
[Site "Hohenems"]
[Date "2010.10.15"]
[Round "1"]
[Board "4"]
[White "Scheffknecht, Philipp"]
[Black "Bezler, Rainer"]
[Result "0-1"]
[WhiteElo "2118"]
[BlackElo "2269"]
[PlyCount "86"]
[EventDate "2010.10.15"]
[EventType "team"]
[EventRounds "11"]
[EventCountry "AUT"]
[WhiteTeam "Goetzis"]
[BlackTeam "Bregenz"]

1.d4 d5 2.c4 c6 3.Nf3 Nf6 4.Nc3 dxc4 5.a4 Bf5 6.e3 e6 7.Bxc4 Bb4 8.O-O Nbd7
9.Qe2 O-O 10.e4 Bg6 11.e5 Nd5 12.Bd2 Be7 13.a5 Nxc3 14.bxc3 b5 15.Bd3 Bxd3
16.Qxd3 a6 17.c4 Nc5 18.Qc2 Na4 19.Rfb1 Qd7 20.Qe4 f5 21.exf6 Bxf6 22.Re1 Rfe8
23.cxb5 cxb5 24.Rac1 Nb2 25.Rc6 e5 26.d5 Nc4 27.Bg5 Rf8 28.d6 Nxa5 29.Rb6 Nc4
30.Rb7 Qxd6 31.Bxf6 Qxf6 32.Qd5+ Kh8 33.h4 Rad8 34.Qc5 h6 35.Qb4 Rd3 36.Ra7 Nd2
37.Nxe5 Qxf2+ 38.Kh2 Rd4 39.Ng6+ Kh7 40.Qxd4 Nf3+ 41.Kh3 Qxd4 42.Nxf8+ Kg8
43.Rxg7+ Qxg7 0-1

[Event "2. Bundesliga West 2010/11"]
[Site "Hohenems"]
[Date "2010.10.15"]
[Round "1"]
[Board "5"]
[White "Matt, Fabian"]
[Black "Laske, Erich"]
[Result "1-0"]
[WhiteElo "2053"]
[BlackElo "2090"]
[PlyCount "55"]
[EventDate "2010.10.15"]
[EventType "team"]
[EventRounds "11"]
[EventCountry "AUT"]
[WhiteTeam "Bregenz"]
[BlackTeam "Goetzis"]

1.e4 c5 2.Nf3 a6 3.c3 d6 4.d4 Qc7 5.Bd3 g6 6.O-O Bg7 7.Be3 Nf6 8.h3 O-O 9.Nbd2
b5 10.a4 c4 11.Bc2 Bb7 12.Nh2 e5 13.f4 exf4 14.Bxf4 Re8 15.Qf3 Nbd7 16.Ng4 Nh5
17.Nh6+ Bxh6 18.Bxh6 Nf8 19.g4 Ng7 20.Qf6 Nfe6 21.d5 Re7 22.dxe6 Nxe6 23.Nf3
Bxe4 24.Bxe4 d5 25.Bxd5 Qg3+ 26.Kh1 Qxh3+ 27.Nh2 Rae8 28.Bxe6 1-0

[Event "2. Bundesliga West 2010/11"]
[Site "Hohenems"]
[Date "2010.10.15"]
[Round "1"]
[Board "6"]
[White "Kranz, Armin"]
[Black "Froewis, Annika"]
[Result "0-1"]
[WhiteElo "2104"]
[BlackElo "1968"]
[PlyCount "90"]
[EventDate "2010.10.15"]
[EventType "team"]
[EventRounds "11"]
[EventCountry "AUT"]
[WhiteTeam "Goetzis"]
[BlackTeam "Bregenz"]

1.d4 d5 2.Nf3 Nf6 3.c4 e6 4.g3 c6 5.Bg2 Bb4+ 6.Bd2 Bd6 7.Qc2 Nbd7 8.O-O O-O 9.b3
Re8 10.Nc3 dxc4 11.bxc4 e5 12.e3 Nf8 13.d5 cxd5 14.cxd5 Bb4 15.e4 Bg4 16.Rfe1
Rc8 17.Qb2 Qa5 18.Nb1 Bxd2 19.Nbxd2 N8d7 20.Rec1 Bxf3 21.Bxf3 Nc5 22.Nc4 Qd8
23.Nxe5 Nfxe4 24.Qd4 Qf6 25.Bxe4 Qxe5 26.Qxe5 Rxe5 27.Bf3 Kf8 28.Rab1 b6 29.a4
Rd8 30.a5 Rd6 31.axb6 axb6 32.Rc4 Ke7 33.Rcb4 Nd7 34.Ra1 Rf6 35.Kg2 Ref5 36.Rb3
Ne5 37.Ra7+ Kd8 38.Ra8+ Kc7 39.Rc3+ Kb7 40.Rca3 Kc7 41.Rc3+ Kd7 42.Ra7+ Kd6
43.Be4 Rxf2+ 44.Kg1 Re2 45.Bg2 Re1+ 0-1

[Event "2. Bundesliga West 2010/11"]
[Site "Hohenems"]
[Date "2010.10.15"]
[Round "1"]
[Board "1"]
[White "Gaertner, Guntram"]
[Black "Sergeev, Vladimir"]
[Result "0-1"]
[WhiteElo "2329"]
[BlackElo "2486"]
[PlyCount "66"]
[EventDate "2010.10.15"]
[EventType "team"]
[EventRounds "11"]
[EventCountry "AUT"]
[WhiteTeam "Hohenems II"]
[BlackTeam "Dornbirn"]

1.d4 Nf6 2.c4 c5 3.d5 b5 4.cxb5 a6 5.b6 Bb7 6.Nc3 e6 7.e4 exd5 8.exd5 d6 9.a4 a5
10.Bb5+ Nbd7 11.Bg5 Be7 12.Bxf6 Bxf6 13.Qg4 h5 14.Qf5 g6 15.Qh3 Qe7+ 16.Kf1 Bxc3
17.Qxc3 O-O 18.Re1 Qd8 19.Qg3 Nf6 20.Nh3 Ba6 21.Nf4 Bxb5+ 22.axb5 Rb8 23.h3 Rxb6
24.Kg1 Rxb5 25.Kh2 Rxb2 26.Re3 Rb4 27.Nxg6 fxg6 28.Qxg6+ Kh8 29.Rhe1 Rb7 30.Rg3
Rh7 31.Rge3 Ng4+ 32.hxg4 hxg4+ 33.Kg1 Qh4 0-1

[Event "2. Bundesliga West 2010/11"]
[Site "Hohenems"]
[Date "2010.10.15"]
[Round "1"]
[Board "2"]
[White "Novkovic, Milan"]
[Black "Amann, Guenter"]
[Result "1/2-1/2"]
[WhiteElo "2386"]
[BlackElo "2336"]
[PlyCount "48"]
[EventDate "2010.10.15"]
[EventType "team"]
[EventRounds "11"]
[EventCountry "AUT"]
[WhiteTeam "Dornbirn"]
[BlackTeam "Hohenems II"]

1.d4 Nf6 2.Nf3 e6 3.e3 b6 4.Bd3 Bb7 5.O-O d5 6.b3 Bd6 7.Bb2 Nbd7 8.Nbd2 O-O
9.Ne5 Ne4 10.f4 Nxd2 11.Qxd2 Nf6 12.c4 c5 13.Rad1 Qe7 14.Qe2 Rad8 15.Bb1 dxc4
16.Nxc4 Ba6 17.Qc2 Rfe8 18.Nxd6 Qxd6 19.Rfe1 cxd4 20.Bxd4 Qe7 21.Bxf6 Qxf6
22.Qxh7+ Kf8 23.Qe4 Qh4 24.Qf3 Rd2 1/2-1/2

[Event "2. Bundesliga West 2010/11"]
[Site "Hohenems"]
[Date "2010.10.15"]
[Round "1"]
[Board "3"]
[White "Atlas, Dimitry"]
[Black "Szakolczai, Peter"]
[Result "1-0"]
[WhiteElo "2344"]
[BlackElo "2296"]
[PlyCount "59"]
[EventDate "2010.10.15"]
[EventType "team"]
[EventRounds "11"]
[EventCountry "AUT"]
[WhiteTeam "Hohenems II"]
[BlackTeam "Dornbirn"]

1.e4 c5 2.c3 d5 3.exd5 Nf6 4.Bb5+ Nbd7 5.c4 a6 6.Bxd7+ Bxd7 7.d4 cxd4 8.Qxd4 g6
9.Bf4 Bg7 10.Be5 O-O 11.Nf3 Rc8 12.O-O Nh5 13.Bxg7 Nxg7 14.Ne5 Qc7 15.Nxd7 Qxd7
16.Nd2 Rfd8 17.Ne4 Qc7 18.Rac1 Nf5 19.Qd2 Nd6 20.Qf4 Nxe4 21.Qxe4 Rd6 22.c5 Rd7
23.b4 a5 24.a3 axb4 25.axb4 Ra8 26.b5 Qd8 27.c6 bxc6 28.dxc6 Rd4 29.Qe3 Rd3
30.c7 1-0

[Event "2. Bundesliga West 2010/11"]
[Site "Hohenems"]
[Date "2010.10.15"]
[Round "1"]
[Board "4"]
[White "Novkovic, Julia"]
[Black "Burschowsky, Matthias"]
[Result "0-1"]
[WhiteElo "2157"]
[BlackElo "2208"]
[PlyCount "92"]
[EventDate "2010.10.15"]
[EventType "team"]
[EventRounds "11"]
[EventCountry "AUT"]
[WhiteTeam "Dornbirn"]
[BlackTeam "Hohenems II"]

1.e4 g6 2.Nc3 Bg7 3.d4 d5 4.exd5 Nf6 5.Bb5+ Nbd7 6.Nf3 O-O 7.Bxd7 Nxd7 8.Na4 a6
9.b3 b5 10.Nb2 Nb6 11.c4 Bg4 12.Be3 e6 13.dxe6 fxe6 14.Qd2 Bxf3 15.gxf3 Rxf3
16.O-O-O bxc4 17.bxc4 Rb8 18.Qc2 Qe8 19.Rd3 Qc6 20.Rhd1 a5 21.Ra3 Bf8 22.Rxa5
Bb4 23.Rb5 Ba3 24.Qb3 Bxb2+ 25.Qxb2 Qxc4+ 26.Kb1 Ra8 27.Rc5 Qa6 28.Rxc7 Nd5
29.Rb7 Nc3+ 30.Qxc3 Qxb7+ 31.Ka1 Rf5 32.Rc1 Rfa5 33.Rc2 Qd5 34.Qb2 Ra3 35.Qb1 e5
36.Rb2 Qd6 37.Qe4 exd4 38.Bh6 R3a7 39.h4 Rc8 40.f3 Re7 41.Qb1 d3 42.Qd1 Qd4
43.Qb3+ Kh8 44.a3 Re2 45.Ka2 Rxb2+ 46.Qxb2 Rc2 0-1

[Event "2. Bundesliga West 2010/11"]
[Site "Hohenems"]
[Date "2010.10.15"]
[Round "1"]
[Board "5"]
[White "Sandholzer, Robert"]
[Black "Kanonier, Clemens"]
[Result "1-0"]
[WhiteElo "2095"]
[BlackElo "2122"]
[PlyCount "99"]
[EventDate "2010.10.15"]
[EventType "team"]
[EventRounds "11"]
[EventCountry "AUT"]
[WhiteTeam "Hohenems II"]
[BlackTeam "Dornbirn"]

1.e4 e5 2.Nf3 Nc6 3.d4 exd4 4.Nxd4 Bc5 5.Be3 Qf6 6.c3 Nge7 7.Bc4 Ne5 8.Be2 Qg6
9.O-O d6 10.f4 Qxe4 11.Bf2 N5c6 12.Bf3 Qg6 13.Nb5 O-O 14.Nxc7 Rb8 15.Nd2 Bf5
16.Nb3 Bc2 17.Qd2 Bxb3 18.axb3 a6 19.b4 Bxf2+ 20.Rxf2 Rfc8 21.Nd5 Nxd5 22.Bxd5
Ne7 23.Bb3 Qf6 24.Rd1 Rd8 25.Qd4 Qxd4 26.Rxd4 d5 27.Rfd2 Kf8 28.Bxd5 Nxd5
29.Rxd5 Rxd5 30.Rxd5 Ke7 31.Kf2 Ke6 32.c4 g6 33.Ke3 Rc8 34.b3 h5 35.Kd4 Rc7
36.b5 axb5 37.Rxb5 Rd7+ 38.Rd5 Rc7 39.c5 Kf6 40.b4 Re7 41.b5 Re2 42.c6 bxc6
43.bxc6 Rc2 44.Rc5 Rd2+ 45.Ke3 Rd8 46.c7 Rc8 47.Ke4 Ke6 48.Rc6+ Kd7 49.Kd5 Ke7
50.Kc5 1-0

[Event "2. Bundesliga West 2010/11"]
[Site "Hohenems"]
[Date "2010.10.15"]
[Round "1"]
[Board "6"]
[White "Kessler, Luca"]
[Black "Nussbaumer, Leon"]
[Result "1-0"]
[WhiteElo "2097"]
[BlackElo "1894"]
[PlyCount "77"]
[EventDate "2010.10.15"]
[EventType "team"]
[EventRounds "11"]
[EventCountry "AUT"]
[WhiteTeam "Dornbirn"]
[BlackTeam "Hohenems II"]

1.d4 d5 2.c4 e6 3.Nc3 Nf6 4.cxd5 exd5 5.Bg5 Nbd7 6.e3 c6 7.Bd3 h6 8.Bh4 Be7
9.Qc2 O-O 10.Nf3 Re8 11.O-O Nf8 12.Rab1 Bg4 13.Ne5 Bh5 14.b4 Ng4 15.Bxe7 Qxe7
16.Nxg4 Bxg4 17.h3 Bd7 18.b5 Ne6 19.bxc6 Bxc6 20.Qb3 Rad8 21.Bb5 Bxb5 22.Qxb5 b6
23.Nxd5 Qb7 24.Nb4 Rc8 25.Rfc1 Qe4 26.Qd5 Qg6 27.Nc6 Ng5 28.Ne7+ Rxe7 29.Rxc8+
Kh7 30.Rf1 Nxh3+ 31.Kh2 Ng5 32.Rd8 Re4 33.f4 Qh5+ 34.Kg1 Qe2 35.Qf5+ g6 36.Qf6
Qxe3+ 37.Kh1 Re8 38.Rxe8 Qxe8 39.fxg5 1-0

[Event "2. Bundesliga West 2010/11"]
[Site "Salzburg"]
[Date "2010.10.15"]
[Round "1"]
[Board "1"]
[White "Medvegy, Zoltan"]
[Black "Krstic, Uros"]
[Result "0-1"]
[WhiteElo "2522"]
[BlackElo "2410"]
[PlyCount "124"]
[EventDate "2010.10.15"]
[EventType "team"]
[EventRounds "11"]
[EventCountry "AUT"]
[WhiteTeam "ATSV Ranshofen"]
[BlackTeam "Schwarzach"]

1.d4 Nf6 2.c4 g6 3.Nc3 Bg7 4.e4 d6 5.Nf3 O-O 6.Be2 e5 7.O-O Nc6 8.d5 Ne7 9.a4
Nh5 10.a5 h6 11.Re1 Nf4 12.Bf1 Bg4 13.h3 Bc8 14.Bxf4 exf4 15.e5 Nf5 16.Qd2 Nh4
17.exd6 Nxf3+ 18.gxf3 Qg5+ 19.Kh2 cxd6 20.Ne4 Qe5 21.Rad1 Qxb2 22.Qxb2 Bxb2
23.Nxd6 Bc3 24.Re7 Bxa5 25.Nxc8 Rfxc8 26.Rxb7 Bb6 27.d6 Rc6 28.Rd2 Rd8 29.d7 Kf8
30.Be2 Bxf2 31.c5 Rxc5 32.Rxa7 Be3 33.Rb2 Rd5 34.Rab7 R8xd7 35.Rxd7 Rxd7 36.Ba6
h5 37.Kg2 Kg7 38.Bc4 Kh6 39.h4 Bd2 40.Rc2 Be1 41.Kh3 Bg3 42.Rc1 Rd2 43.Rh1 f6
44.Bb5 Kg7 45.Be8 Rc2 46.Ba4 Rf2 47.Bc6 Kh6 48.Bd5 g5 49.hxg5+ fxg5 50.Bc6 Kg7
51.Be8 Rxf3 52.Bxh5 Re3 53.Kg4 Kf6 54.Rf1 Bf2 55.Be8 Rg3+ 56.Kh5 Be3 57.Bc6 Rh3+
58.Kg4 Rg3+ 59.Kh5 Rh3+ 60.Kg4 Rh4+ 61.Kf3 g4+ 62.Ke4 g3 0-1